000 00487nam a22001697a 4500
005 20260112122532.0
020 _a9781468493719
100 _aHolmes, Richard B
_97707
245 _aGeometric functional analysis and its applications
260 _aNew York
_bSpringer-Verlag
_c1975
300 _ax+246
490 _aGraduate texts in mathematics
500 _aGraduate texts in mathematics 24
650 _aLinear spaces
_97708
650 _aConjugate Spaces
_97709
942 _2ddc
_cBK
999 _c754965
_d754965